|
|
|
|
| LEADER |
00941nam a2200265 a 4500 |
| 001 |
916234 |
| 008 |
820322s1983 nyua 001 0 eng d |
| 010 |
|
|
|a 82015255
|
| 020 |
|
|
|a 0070306117 :
|c 39.95
|
| 040 |
|
|
|a DLC
|c DLC
|d DLC
|
| 082 |
0 |
0 |
|a 725
|2 19
|
| 245 |
0 |
0 |
|a More places for people /
|c edited by Charles K. Hoyt.
|
| 260 |
|
|
|a New York :
|b McGraw-Hill,
|c c1983.
|
| 300 |
|
|
|a 186 p. :
|b ill. (some col.) ;
|c 32 cm.
|
| 500 |
|
|
|a "An architectural record book."
|
| 504 |
|
|
|a Includes index.
|
| 541 |
1 |
|
|e 00013795
|
| 650 |
|
0 |
|a Architecture and recreation
|z United States.
|
| 650 |
|
0 |
|a Public buildings
|z United States.
|
| 700 |
1 |
|
|a Hoyt, Charles King.
|
| 730 |
0 |
|
|a Architectural record.
|
| 852 |
4 |
|
|a Ayesha Abed Library
|j General Shelf.
|
| 942 |
0 |
0 |
|0 2
|
| 999 |
|
|
|c 2094
|d 2094
|
| 952 |
|
|
|0 0
|1 0
|2 ddc
|4 0
|6 725_MOR_198300000000000
|7 0
|9 1926
|a BRACUL
|b BRACUL
|c GEN
|d 2009-07-07
|l 10
|m 47
|o 725 MOR
|p 3010013795
|r 2024-07-10
|s 2024-06-09
|t 1
|w 2009-07-07
|y BK
|